Harry Potter Screenshot Match: Prisoner of Azkaban Quiz Stats

 Plays Quiz Updated Dec 16, 2019

Support Sporcle.
Go Orange.
Score 0/16 Timer 06:00
9 Plays Today
% Correct
Expecto Patronum!
97.1%
You do not want to insult a Hippogriff
96.3%
My old friends!
96.2%
Exceedingly arrogant like your father
96%
I solemnly swear that I am up to no good
95.2%
The spiders want me to tap-dance
94.2%
Just with my voice!
94.2%
Happiness can be found...
93.7%
% Correct
Is that how my hair looks from behind?
93.1%
You have the Grim
90.4%
Snape frightens me the most
90.3%
Harry Potter's godfather
90.2%
No Azkaban for blowing up your aunt
90.1%
Mind your head!
89.7%
Why would I go looking...?
88.7%
... as shriveled as an old maid's
86.4%

You're not logged in!

Compare scores with friends on all Sporcle quizzes.
OR
Log In

From the Vault

Famous Historical 'I' First Names

by Aprilli

These individuals are extra important.
Remove Ads.
Support Sporcle.
Get the best of Sporcle when you Go Orange. This ad-free experience offers more features, more stats, and more fun while also helping to support Sporcle. Thank you for becoming a member.

Show Comments

Extras

Top Quizzes Today


Score Distribution

Your Account Isn't Verified!

In order to create a playlist on Sporcle, you need to verify the email address you used during registration. Go to your Sporcle Settings to finish the process.

Report this User

Report this user for behavior that violates our Community Guidelines.

Details: